Sheng miao si dian tu kao : [5 juan, shou juan 1 juan /

Saved in:
Bibliographic Details
Main Author: Gu, Yuanxiang.
Format: Book
Language:Chinese
Published: [Suzhou? : s.n., 1826]
Subjects:
Tags: Add Tag
No Tags, Be the first to tag this record!
LEADER 01371cam a2200349 a 4500
001 007738686-8
005 20024617110316.0
008 940322s1826 cc ac 000 0 chi d
035 0 |a ocm29999367 
040 |a CLU  |c CLU  |d *YNH*  |d CStRLIN 
100 1 |6 880-01  |a Gu, Yuanxiang. 
245 1 0 |6 880-02  |a Sheng miao si dian tu kao :  |b [5 juan, shou juan 1 juan /  |c Gu Yuanxiang ji ; Kong Jiyao hui tu]. 
260 |6 880-03  |a [Suzhou? :  |b s.n.,  |c 1826] 
300 |a 12 v. :  |b ill., ports. ;  |c 25 cm. 
500 |a On double leaves, oriental style, in 2 cases. 
500 |6 880-04  |a Preface dated: Daoguang 6 nian [1826] 
500 |6 880-05  |a Changzhou Gu shi si yan tang kan ben. 
505 2 |6 880-06  |a Sheng ji tu -- Mengzi sheng ji tu. 
650 0 |a Memorial rites and ceremonies, Confucian  |z China. 
650 0 |a Confucianism  |x Customs and practices. 
740 0 |6 880-07  |a Sheng ji tu. 
740 0 |6 880-08  |a Mengzi sheng ji tu. 
880 1 |6 100-01  |a 顧沅湘. 
880 1 0 |6 245-02  |a 聖廟祀典圖考 :  |b [5卷, 首卷1卷 /  |c 顧沅湘輯 ; 孔繼堯繪圖]. 
880 |6 260-03  |a [蘇州? :  |b s.n.,  |c 1826] 
880 |6 500-04  |a Preface dated: 道光6年 [1826] 
880 |6 500-05  |a 長洲顧氏賜硯堂刊本. 
880 2 |6 505-06  |a 聖跡圖 -- 孟子聖跡圖. 
880 0 |6 740-07  |a 聖跡圖. 
880 0 |6 740-08  |a 孟子聖跡圖. 
988 |a 20021105 
906 |0 OCLC